| 000 | 00624nam a2200217Ia 4500 | ||
|---|---|---|---|
| 005 | 20260429112058.0 | ||
| 008 | 260429s9999||||xx |||||||||||||| ||und|| | ||
| 020 | _a9788126935369 | ||
| 041 | _aEnglish | ||
| 082 |
_a954 _bKEE |
||
| 100 | _aKeene, Henry George | ||
| 245 | 0 |
_aHistory of India : _bfrom the earliest times to the twentieth century, Vol. 2 / _cHenry George Keene |
|
| 250 | _a1st ed. | ||
| 260 |
_aNew Delhi : _bAtlantic Publishers and Distributors, _c2025. |
||
| 300 | _axiv, 399 p.; hb | ||
| 440 | _vVol. 2 | ||
| 650 | _a India | ||
| 650 | _a Twentieth century | ||
| 650 | _aHistory | ||
| 942 | _cTB | ||
| 999 |
_c52234 _d52234 |
||